<?xml version="1.0" encoding="UTF-8"?>
<record
    xmlns:xsi="http://www.w3.org/2001/XMLSchema-instance"
    xsi:schemaLocation="http://www.loc.gov/MARC21/slim http://www.loc.gov/standards/marcxml/schema/MARC21slim.xsd"
    xmlns="http://www.loc.gov/MARC21/slim">

  <leader>01047nam a2200241 i 4500</leader>
  <controlfield tag="001">184013</controlfield>
  <controlfield tag="003">ES-MaACL</controlfield>
  <controlfield tag="005">20250814220415.0</controlfield>
  <controlfield tag="008">150220s1996    sp fh        |||| | spa d</controlfield>
  <datafield tag="020" ind1=" " ind2=" ">
    <subfield code="a">84-920047-2-X</subfield>
  </datafield>
  <datafield tag="080" ind1=" " ind2=" ">
    <subfield code="a">946.018.4"11/13"(093)</subfield>
  </datafield>
  <datafield tag="245" ind1="0" ind2="0">
    <subfield code="a">Privilegios Reales de la villa de Benavente </subfield>
    <subfield code="b">: (siglos XII-XIV) /</subfield>
    <subfield code="c">Pascual Mart&#xED;nez Sopena, Vidal Aguado Seisdedos, Rafael Gonz&#xE1;lez Rodr&#xED;guez.</subfield>
  </datafield>
  <datafield tag="260" ind1=" " ind2=" ">
    <subfield code="a">Benavente : </subfield>
    <subfield code="b">Centro de estudios Benaventanos "Ledo del Pozo" :</subfield>
    <subfield code="b">C&#xED;rculo de Benavente, </subfield>
    <subfield code="c">1996.</subfield>
  </datafield>
  <datafield tag="300" ind1=" " ind2=" ">
    <subfield code="a">103 p., [21] p. de l&#xE1;m. ; </subfield>
    <subfield code="c">35 cm.</subfield>
  </datafield>
  <datafield tag="651" ind1=" " ind2="4">
    <subfield code="a">Benavente-</subfield>
    <subfield code="x">Historia.</subfield>
    <subfield code="9">156156</subfield>
  </datafield>
  <datafield tag="700" ind1="1" ind2=" ">
    <subfield code="a">Mart&#xED;nez Sopena, Pascual.</subfield>
    <subfield code="9">156385</subfield>
  </datafield>
  <datafield tag="700" ind1="1" ind2=" ">
    <subfield code="a">Aguado Seisdedos, Vidal.</subfield>
    <subfield code="9">156386</subfield>
  </datafield>
  <datafield tag="700" ind1="1" ind2=" ">
    <subfield code="a">Gonz&#xE1;lez Rodr&#xED;guez, Rafael, </subfield>
    <subfield code="d">1964-</subfield>
    <subfield code="9">156145</subfield>
  </datafield>
  <datafield tag="710" ind1="2" ind2=" ">
    <subfield code="a">Centro de Estudios Benaventanos "Ledo del Pozo"</subfield>
    <subfield code="9">144530</subfield>
  </datafield>
  <datafield tag="710" ind1="2" ind2=" ">
    <subfield code="a">C&#xED;rculo de Benavente.</subfield>
    <subfield code="9">156387</subfield>
  </datafield>
  <datafield tag="852" ind1=" " ind2=" ">
    <subfield code="a">ES-MaACL</subfield>
    <subfield code="j">B-464 </subfield>
    <subfield code="z">- Enc. tela granate </subfield>
    <subfield code="z">. - Donat. Centro de estudios Benaventanos "Ledo del Pozo"</subfield>
  </datafield>
  <datafield tag="999" ind1=" " ind2=" ">
    <subfield code="c">184013</subfield>
    <subfield code="d">184013</subfield>
  </datafield>
  <datafield tag="952" ind1=" " ind2=" ">
    <subfield code="0">0</subfield>
    <subfield code="1">0</subfield>
    <subfield code="4">0</subfield>
    <subfield code="7">0</subfield>
    <subfield code="a">ATENEOM</subfield>
    <subfield code="b">ATENEOM</subfield>
    <subfield code="c">SPB</subfield>
    <subfield code="d">2015-02-20</subfield>
    <subfield code="e">DON</subfield>
    <subfield code="l">0</subfield>
    <subfield code="o">B-464</subfield>
    <subfield code="p">1193499</subfield>
    <subfield code="r">2023-02-23 00:00:00</subfield>
    <subfield code="w">2023-02-23</subfield>
    <subfield code="y">MONOGRAFIA</subfield>
  </datafield>
</record>
